Сборник тезисов Международной научной конференции "Каспар Фридрих Вольф и современная биология развития", 24-25 ноября 2009, Санкт-Петербург (Запись № 1679885)

Подробности
000 -МАРКЕР
контрольное поле 02197nam0a2200361 4500
001 - ИДЕНТИФИКАТОР ЗАПИСИ
контрольное поле RU\NLR\bibl\1485443
005 - ИДЕНТИФИКАТОР ВЕРСИИ
контрольное поле 20260407221132.0
010 ## - МЕЖДУНАРОДНЫЙ СТАНДАРТНЫЙ НОМЕР КНИГИ (ISBN)
Номер (ISBN) 978-5-98709-187-6
Тираж 200
021 ## - НОМЕР ГОСУДАРСТВЕННОЙ РЕГИСТРАЦИИ
Код страны российская федерация
Номер 2010-2344
Номер Листа государственной регистраци 141
035 ## - ДРУГИЕ СИСТЕМНЫЕ НОМЕРА
Идентификатор записи (NLR Aleph) 001477062
100 ## - ДАННЫЕ ОБЩЕЙ ОБРАБОТКИ
Данные общей обработки 20100316d2009 |||y0rusy50 ca
101 0# - ЯЗЫК РЕСУРСА
Язык текста, звукозаписи и т.д. русский
-- английский
102 ## - СТРАНА ПУБЛИКАЦИИ ИЛИ ПРОИЗВОДСТВА
Страна публикации российская федерация
105 ## - ПОЛЕ КОДИРОВАННЫХ ДАННЫХ: ТЕКСТОВЫЕ МАТЕРИАЛЫ, МОНОГРАФИЧЕСКИЕ
Кодированные данные о монографическом текстовом документе y |||||||||
200 1# - ЗАГЛАВИЕ И СВЕДЕНИЯ ОБ ОТВЕТСТВЕННОСТИ
Основное заглавие Сборник тезисов Международной научной конференции "Каспар Фридрих Вольф и современная биология развития", 24-25 ноября 2009, Санкт-Петербург
Параллельное заглавие Abstracts submitted for International academic conference "Caspar Friedrich Wolff and modern developmental biology", 24th-25th November 2009, Saint Petersburg
Язык параллельного заглавия английский
210 ## - ПУБЛИКАЦИЯ, РАСПРОСТРАНЕНИЕ И ДР.
Место издания, распространения и т.д. Санкт-Петербург
Имя издателя, распространителя и т. д. ЛЕМА
Дата издания, распространения и т.д. 2009
215 ## - ФИЗИЧЕСКАЯ ХАРАКТЕРИСТИКА
Специфическое обозначение материала и объем 64 с.
Размеры 21
300 ## - ОБЩИЕ ПРИМЕЧАНИЯ
Текст примечания Часть текста на англ. яз.
320 ## - ПРИМЕЧАНИЯ О НАЛИЧИИ В ДОКУМЕНТЕ БИБЛИОГРАФИИ / УКАЗАТЕЛЯ
Текст примечания Библиогр. в конце отд. тез.
510 1# - ПАРАЛЛЕЛЬНОЕ ЗАГЛАВИЕ
Связь между полями z01791
Параллельное заглавие Abstracts submitted for International academic conference "Caspar Friedrich Wolff and modern developmental biology", 24th-25th November 2009, Saint Petersburg
Язык заглавия английский
600 #1 - ИМЯ ЛИЦА КАК ПРЕДМЕТ
Начальный элемент ввода Вольф
Часть имени, кроме начального элемента ввода К.Ф.
Даты 1734 - 1794
Расширение инициалов личного имени Каспар Фридрих
Системный номер авторитетной/нормативной записи 1157828
Идентификатор авторитетной/нормативной записи RU\NLR\auth\66144828
606 1# - НАИМЕНОВАНИЕ ТЕМЫ КАК ПРЕДМЕТ
Наименование темы Онтогенез
Формальный подзаголовок Тезисы докладов
Системный номер авторитетной/нормативной записи 974089
Идентификатор авторитетной/нормативной записи RU\NLR\auth\6646964
686 ## - ИНДЕКСЫ ДРУГИХ КЛАССИФИКАЦИЙ
Индекс Е.д(2)Вольф
686 ## - ИНДЕКСЫ ДРУГИХ КЛАССИФИКАЦИЙ
Индекс Е03я43
702 #1 - ИМЯ ЛИЦА - ВТОРИЧНАЯ ОТВЕТСТВЕННОСТЬ
Начальный элемент ввода Вольф
Часть имени, кроме начального элемента ввода К. Ф.
Даты 1734-1794
Расширение инициалов личного имени Каспар Фридрих
Код отношения Прочие
710 12 - НАИМЕНОВАНИЕ ОРГАНИЗАЦИИ - ПЕРВИЧНАЯ ОТВЕТСТВЕННОСТЬ
Начальный элемент ввода "Каспар Фридрих Вольф и современная биология развития", международная научная конференция
Дата проведения временной организации 2009
Место проведения временной организации Санкт-Петербург
Идентификатор авторитетной/нормативной записи RU\NLR\AUTH\8810147893
Системный номер авторитетной/нормативной записи 790261
791 12 - НАИМЕНОВАНИЕ ОРГАНИЗАЦИИ - АЛЬТЕРНАТИВНАЯ ФОРМА
Материалы, к которым относится поле eng
Начальный элемент ввода "Caspar Friedrich Wolff and modern Developmental Biology", international academic conference
Дата проведения временной организации 2009
Место проведения временной организации Saint Petersburg
Графика поля Латинская
Идентификатор авторитетной/нормативной записи RU\NLR\auth\8810147902
Системный номер авторитетной/нормативной записи 790276
801 #0 - ИСТОЧНИК ЗАПИСИ
Страна российская федерация
Организация NLR
Дата составления 20100316
Правила каталогизации RCR
801 #1 - ИСТОЧНИК ЗАПИСИ
Страна российская федерация
Организация NLR
Дата составления 20100316
942 ## - ДОПОЛНИТЕЛЬНЫЕ ЭЛЕМЕНТЫ ЗАПИСИ (АБИС)
Тип экземпляра АБИС Книга
980 ## - КОЛЛЕКЦИЯ
Название коллекции Национальная библиография
Экземпляры
Тип экземпляра Дата поступления Источник поступления Библиотека постоянного хранения Библиотека текущего хранения Место хранения Шифр хранения Штрих-код Статус не для выдачи
Книга 16.03.2010 Обязательный экземпляр РНБ (Московский) РНБ (Московский) Русский книжный фонд: издания с 1957 года, 8этаж 2010-4/3649 1-1812028  
Книга 16.03.2010 Обязательный экземпляр РНБ (Московский) РНБ (Московский) Русский книжный фонд: издания с 1957 года, 8этаж 2010-4/3649 3125406